000 00275nam a22001337a 4500
008 170627b xxu||||| |||| 00| 0 eng d
020 _a9780007162208
041 _aeng
080 _a32
100 _a21
101 _aSHP
245 _aBIG BANG
_cSINGH, S
942 _2udc
_cBK
999 _c19156
_d19156